दृश्यकला खंड ६ वा शिल्पकार चरित्र कोष (Record no. 1084884)

MARC details
000 -LEADER
fixed length control field 00846nam a2200205Ia 4500
008 - FIXED-LENGTH DATA ELEMENTS--GENERAL INFORMATION
fixed length control field 151119s9999||||xx |||||||||||||| ||und||
082 ## - DEWEY DECIMAL CLASSIFICATION NUMBER
Classification number 700विवेक/आधुनि
082 ## - DEWEY DECIMAL CLASSIFICATION NUMBER
Item number GKKV32582
100 ## - MAIN ENTRY--PERSONAL NAME
Personal name बहुळकर सुहास
245 ## - TITLE STATEMENT
Title दृश्यकला खंड ६ वा शिल्पकार चरित्र कोष
260 ## - PUBLICATION, DISTRIBUTION, ETC. (IMPRINT)
Place of publication, distribution, etc मुंबई
260 ## - PUBLICATION, DISTRIBUTION, ETC. (IMPRINT)
Name of publisher, distributor, etc साप्ताहिक विवेक
260 ## - PUBLICATION, DISTRIBUTION, ETC. (IMPRINT)
Date of publication, distribution, etc 2013
300 ## - PHYSICAL DESCRIPTION
Extent 749p.
600 ## - SUBJECT ADDED ENTRY--PERSONAL NAME
Personal name बहुळकर सुहास
630 ## - SUBJECT ADDED ENTRY--UNIFORM TITLE
Uniform title दृश्यकला खंड ६ वा शिल्पकार चरित्र कोष
700 ## - ADDED ENTRY--PERSONAL NAME
Personal name बहुळकर सुहास
730 ## - ADDED ENTRY--UNIFORM TITLE
Uniform title दृश्यकला खंड ६ वा शिल्पकार चरित्र कोष
942 ## - ADDED ENTRY ELEMENTS (KOHA)
Koha item type Book
Holdings
Withdrawn status Lost status Damaged status Not for loan Home library Current library Date acquired Cost, normal purchase price Total Checkouts Full call number Barcode Date last seen Cost, replacement price Price effective from Koha item type
        G.K. Khandekar Vachanalaya, Mulund G.K. Khandekar Vachanalaya, Mulund 02/14/2015 1200.00   GKKV32582 GKKV32582 11/19/2015 1200.00 11/19/2015 Book